[Event "Alpenpokal op 28th"]
[Site "Oberstdorf"]
[Date "2002.??.??"]
[Round "4"]
[White "Johne, Siegfried"]
[Black "Otto, Matthias"]
[Result "1-0"]
[WhiteElo "1832"]
[BlackElo "1660"]
[PlyCount "103"]
[EventDate "2002.01.12"]
[EventType "swiss"]
[EventRounds "9"]
[EventCountry "GER"]
[SourceTitle "EXT 2003"]
[Source "ChessBase"]
[SourceDate "2002.11.25"]
[SourceVersion "1"]
[SourceVersionDate "2002.11.25"]
[SourceQuality "1"]

1. e4 c5 2. Nf3 e6 3. d4 cxd4 4. Nxd4 Nf6 5. Nc3 d6 6. Bc4 Be7 7. 0-0 0-0 8. Bb3 Nc6 9. Kh1 a6 10. f4 Qc7 11. a4 b6 12. Be3 Nxd4 13. Bxd4 Bb7 14. Qe2 Qc6 15. Rae1 Nd7 16. f5 e5 17. Bd5 Qc7 18. Bxb7 Qxb7 19. Nd5 Bg5 20. Be3 Bxe3 21. Qxe3 Kh8 22. f6 Nxf6 23. Nxf6 gxf6 24. Rxf6 Qe7 25. Qh6 Rg8 26. Rxd6 Rg6 27. Rxg6 fxg6 28. Qe3 Qb4 29. b3 Rd8 30. Kg1 Kg7 31. Kf2 Rd6 32. g4 Qd2+ 33. Qxd2 Rxd2+ 34. Re2 Rd4 35. g5 h6 36. h4 Rd1 37. Kg2 Rd4 38. Kf3 Rd1 39. Rh2 Rf1+ 40. Rf2 Rh1 41. Rd2 hxg5 42. hxg5 Rh3+ 43. Ke2 Rh4 44. Rd7+ Kf8 45. Kd3 b5 46. axb5 axb5 47. Rd5 Rh3+ 48. Kd2 b4 49. Rxe5 Rh2+ 50. Kd3 Rh3+ 51. Kc4 Rc3+ 52. Kxb4 1-0

[Event "Alpenpokal op 28th"]
[Site "Oberstdorf"]
[Date "2002.??.??"]
[Round "7"]
[White "Marek, Herbert"]
[Black "Johne, Siegfried"]
[Result "1/2-1/2"]
[WhiteElo "1727"]
[BlackElo "1832"]
[PlyCount "81"]
[EventDate "2002.01.12"]
[EventType "swiss"]
[EventRounds "9"]
[EventCountry "GER"]
[SourceTitle "EXT 2003"]
[Source "ChessBase"]
[SourceDate "2002.11.25"]
[SourceVersion "1"]
[SourceVersionDate "2002.11.25"]
[SourceQuality "1"]

1. d4 Nf6 2. Bg5 g6 3. e3 Bg7 4. f4 d5 5. Nf3 0-0 6. Bd3 c5 7. c3 b6 8. 0-0 Bb7 9. Nbd2 Nc6 10. Ne5 Nd7 11. Nxc6 Bxc6 12. f5 f6 13. Bh4 g5 14. Bg3 Qe8 15. h4 gxh4 16. Bxh4 Bh6 17. Rf3 Kh8 18. Rh3 Bg5 19. Kf2 Rg8 20. Qf3 Rg7 21. Rah1 Bxh4+ 22. Rxh4 Qf7 23. Nf1 Rag8 24. g4 Nf8 25. Ng3 Qe8 26. Nh5 Rg5 27. Nf4 Bd7 28. Ne6 Bxe6 29. fxe6 R8g7 30. Qh3 R5g6 31. Bf5 Kg8 32. Qf3 Qb5 33. Qxd5 Qxb2+ 34. Kf3 Qxc3 35. Bxg6 Rxg6 36. Rxh7 Nxh7 37. Qh5 Rg7 38. Qe8+ Nf8 39. Rh8+ Kxh8 40. Qxf8+ Kh7 41. Qe8 1/2-1/2